Agenda krajín Benelux v kontexte trio predsedníctiev v Rade EÚ diplomová práca

Gespeichert in:
Bibliographische Detailangaben
1. Verfasser: Kováč, Denis
Körperschaft: Obchodná fakulta EU. Katedra medzinárodného obchodu
Weitere Verfasser: Čiderová, Denisa, 1977-
Format: Buch
Sprache:Slowakisch
Veröffentlicht: Bratislava 2018
Tags: Tag hinzufügen
Keine Tags, Fügen Sie das erste Tag hinzu!

MARC

LEADER 00000nbm a2200000 4500
001 0243405
005 20181005143452.7
041 0 |a slo 
044 |a SK 
245 1 0 |a Agenda krajín Benelux v kontexte trio predsedníctiev v Rade EÚ  |b diplomová práca  |c Denis Kováč ; školiteľ: Denisa Čiderová 
264 1 |a Bratislava  |c 2018 
300 |a 88 s. 
100 1 |a Kováč, Denis 
700 1 |a Čiderová, Denisa, 1977- 
710 2 |a Obchodná fakulta EU. Katedra medzinárodného obchodu